| 000 | 00558nam a22001817a 4500 | ||
|---|---|---|---|
| 999 |
_c191717 _d191717 |
||
| 005 | 20220901121245.0 | ||
| 010 | _aENG-134863 | ||
| 020 |
_a9788194705277 _c270.00 |
||
| 035 | _aEN-118395 | ||
| 037 | _bDBAD/PUB | ||
| 082 | _a881 | ||
| 100 | _aTekali, Jenayah Hela | ||
| 245 |
_aAlchemy: _bAnother Name For Love/ _cJenayah Hela Tekali |
||
| 260 |
_aGurugram _bGlobal Fraternity of Poets _c2020 |
||
| 270 |
_bGurugram _aH-23/16, DLF Phase-I, _e122002 _mglobalfop@gmail.com |
||
| 300 |
_axiv, 56p. _c21cm(pbk) |
||
| 942 |
_2ddc _cEN _h881 _mTEK |
||